[Event "7th OHRA Crown Group"]
[Site "Amsterdam NED"]
[Date "1988.08.03"]
[Round "4"]
[White "Kortschnoj, Viktor"]
[Black "Hort, Vlastimil"]
[Result "1/2-1/2"]
[WhiteElo "2595"]
[BlackElo "2595"]
[EventDate "1988.07.31"]
[PlyCount "91"]

1.c4 e6 2.Nc3 d5 3.d4 Be7 4.Nf3 Nf6 5.g3 dxc4 6.Bg2 O-O 7.Ne5 c5 8.dxc5 
Qxd1+ 9.Nxd1 Bxc5 10.Nxc4 Nc6 11.Be3 Bb4+ 12.Bd2 Bxd2+ 13.Nxd2 Bd7 14.Nc4 
Rfd8 15.Nd6 Rab8 16.Nc3 Ne8 17.O-O-O Nxd6 18.Rxd6 Kf8 19.Rhd1 Ke7 20.f4 
Be8 21.Rxd8 Rxd8 22.Rxd8 Nxd8 23.Kd2 Bc6 24.Bxc6 Nxc6 25.Kd3 f6 26.Kc4 Kd6
27.Ne4+ Kc7 28.Nc5 Nd8 29.f5 exf5 30.Kd5 Nc6 31.Ke6 Nd4+ 32.Kf7 Kd6 33.
Nxb7+ Ke5 34.Kxg7 Nxe2 35.Nc5 f4 36.gxf4+ Nxf4 37.Nd7+ Kf5 38.Nxf6 Ne6+ 
39.Kf7 Ng5+ 40.Ke7 h6 41.b4 Nf3 42.b5 Nxh2 43.Ne8 Ke5 44.a4 Nf3 45.Kd7 Nd4
46.Ng7 1/2-1/2

[Event "7th OHRA Crown Group"]
[Site "Amsterdam NED"]
[Date "1988.08.07"]
[Round "7"]
[White "Ljubojevic, Ljubomir"]
[Black "Hort, Vlastimil"]
[Result "0-1"]
[WhiteElo "2590"]
[BlackElo "2595"]
[EventDate "1988.07.31"]
[PlyCount "64"]

1.e4 e5 2.Nf3 Nf6 3.Nxe5 d6 4.Nf3 Nxe4 5.d4 d5 6.Bd3 Bd6 7.O-O O-O 8.c4 c6
9.Qc2 Na6 10.a3 Bg4 11.Ne5 Bxe5 12.dxe5 Nac5 13.f3 Nxd3 14.Qxd3 Nc5 15.Qd4
Nb3 16.Qxg4 Nxa1 17.Bh6 g6 18.Bxf8 Qxf8 19.cxd5 cxd5 20.Qd4 Nc2 21.Qf2 Rc8
22.Qxa7 d4 23.Nd2 Qe7 24.f4 Ne3 25.Rb1 Qd7 26.Ne4 Kg7 27.Qb6 Rc6 28.Qb3 
Qf5 29.Qd3 Rc2 30.Qxd4 Rxg2+ 31.Kh1 Qh3 32.e6+ Kh6 0-1